| 000 | 00640nam a2200193Ii 4500 | ||
|---|---|---|---|
| 003 | JO-AjNU | ||
| 008 | 230605s9999||||xx |||||||||||||| ||und|| | ||
| 040 |
_aJO-AjNU _bara _erda _cJO-AjNU |
||
| 041 | _aara | ||
| 050 | 1 | 4 | _aTS155 1993 |
| 100 | 3 |
_aالموسوي، منعم جلوب زمزير , _eauthor _934813 |
|
| 245 | 0 | 0 | _aمدخل حديث في ادارة الانتاج والعمليات |
| 264 | 3 | 1 | _aعمان:دار زهران للنشر،1993 |
| 300 | _a287ص | ||
| 336 |
_atext _btxt _2rdacontent |
||
| 337 |
_aunmediated _bn _2rdamedia |
||
| 338 |
_avolume _bnc _2rdacarrier |
||
| 650 | 4 |
_aالانتاج- ادارة _934814 |
|
| 999 |
_aA14311 _c17879 _d17879 |
||